[Event "Uljanovsk Volga op"]
[Site "Uljanovsk"]
[Date "2016.01.09"]
[Round "9"]
[White "Logunova, Elizaveta"]
[Black "Chesalkin, Vladimir"]
[Result "1/2-1/2"]
[WhiteElo "1704"]
[BlackElo "2007"]
[PlyCount "71"]
[EventDate "2016.01.05"]
[EventType "swiss"]
[EventRounds "9"]
[EventCountry "RUS"]
[SourceTitle "CBM 170 Extra"]
[Source "ChessBase"]
[SourceDate "2016.02.25"]
[SourceVersion "1"]
[SourceVersionDate "2016.02.25"]
[SourceQuality "1"]

1. d4 Nf6 2. Nf3 e6 3. Bf4 c5 4. e3 d5 5. c3 Nc6 6. Bd3 Be7 7. h3 c4 8. Be2 b5 9. b3 Bd7 10. 0-0 Ne4 11. Qc2 f5 12. Ne5 Nxe5 13. Bxe5 0-0 14. Nd2 Be8 15. bxc4 bxc4 16. Rab1 Bg6 17. Nxe4 fxe4 18. Bg4 Bf5 19. Qe2 Bd6 20. Bxd6 Qxd6 21. Rb7 Rfb8 22. Rfb1 Rxb7 23. Rxb7 Rb8 24. Qb2 Rxb7 25. Qxb7 Bxg4 26. hxg4 Qb6 27. Qxb6 axb6 28. f3 Kf7 29. Kf2 Ke7 30. Ke2 Kd6 31. f4 h6 32. g3 Kc6 33. Kd2 g6 34. Kc2 Kd6 35. Kb2 Kc6 36. Kc2 1/2-1/2

[Event "Uljanovsk Volga op"]
[Site "Uljanovsk"]
[Date "2016.01.08"]
[Round "8"]
[White "Chesalkin, Vladimir"]
[Black "Vatutin, Petr"]
[Result "1-0"]
[WhiteElo "2007"]
[BlackElo "1390"]
[PlyCount "81"]
[EventDate "2016.01.05"]
[EventType "swiss"]
[EventRounds "9"]
[EventCountry "RUS"]
[SourceTitle "CBM 170 Extra"]
[Source "ChessBase"]
[SourceDate "2016.02.25"]
[SourceVersion "1"]
[SourceVersionDate "2016.02.25"]
[SourceQuality "1"]

1. d4 Nf6 2. Nf3 e6 3. Bf4 Be7 4. e3 0-0 5. c4 d5 6. Nc3 b6 7. cxd5 exd5 8. Bd3 c5 9. 0-0 Nc6 10. Rc1 Bb7 11. dxc5 Bxc5 12. Nb5 Rc8 13. a3 a6 14. Nbd4 Nxd4 15. exd4 Bd6 16. Bg5 Be7 17. Ne5 Qd6 18. Qf3 Ne4 19. Bxe7 Qxe7 20. Qh3 h6 21. f3 Nf6 22. Rce1 Qd6 23. Ng4 Qf4 24. Nxf6+ Qxf6 25. Re5 Rce8 26. Rfe1 Rxe5 27. dxe5 Qf4 28. Bb1 Qd2 29. Qg3 Qxb2 30. f4 d4 31. f5 Qc3 32. Bd3 Qc7 33. f6 g6 34. Bxg6 fxg6 35. Qxg6+ Kh8 36. Qxh6+ Kg8 37. Qg6+ Kh8 38. e6 d3 39. e7 Qc5+ 40. Kh1 Bxg2+ 41. Qxg2 1-0

[Event "Uljanovsk Povolje op"]
[Site "Uljanovsk"]
[Date "2014.08.30"]
[Round "8"]
[White "Chesalkin, Vladimir"]
[Black "Dobrocmyslov, Artem"]
[Result "1-0"]
[WhiteElo "2078"]
[BlackElo "1983"]
[PlyCount "33"]
[EventDate "2014.08.26"]
[EventType "swiss"]
[EventRounds "9"]
[EventCountry "RUS"]
[SourceTitle "CBM 162 Extra"]
[Source "ChessBase"]
[SourceDate "2014.10.17"]
[SourceVersion "1"]
[SourceVersionDate "2014.10.17"]
[SourceQuality "1"]

1. d4 Nf6 2. Nf3 e6 3. c4 c5 4. d5 b5 5. Bg5 exd5 6. cxd5 h6 7. Bxf6 Qxf6 8. Nbd2 d6 9. e4 b4 10. Bb5+ Bd7 11. Qa4 g5 12. 0-0 g4 13. e5 Qg7 14. Rfe1 gxf3 15. exd6+ Be7 16. Nxf3 Rg8 17. g3 1-0